01177nas a2200277Ia 4500001001100000003000900011008004100020040001300061040001300074041001300087100003800100210002100138222002100159245008100180250001100261260003600272501008600308300001000394310001200404362002600416500018000442650003600622942000700658999001900665952021500684R022/78161IT-RoPAU151124c99999999xx |||||||||||| ||und|| aIT-RoPAU cIT-RoPAU aITALIANO aAA.VV. gCodice Aut. SPICS: 12000 aINFORMAZIONI MCS aInformazioni Mcs aINFORMAZIONI MCS, ANNO 32-N.03 (1989)bInformazioni Mcs, Anno 32-N.03 (1989) a1a ed. aVICENZAbINFORMAZIONI MCSc1989 bPaulus - SPICS - Società San Paolo EM (non-commercial uses only)cCopyright2015 a28 p. aMENSILE aANNO 032, N.03 (1989) aUn Mondo a Parte di Chris Menges. Un Pesce di Nome Wanda di Charles Crichton. Le Cose Cambiano di David Mamet. Tango di Slawomir Mrozek: Opera Teatrale Drammatica in Tre Atti. aCINEMAvPUBBLICAZIONE PERIODICA cCR c157664d157664 0010406R_022_78161000000000071aSPICSbSPICSd2015-11-25l0oR022/78161r2015-11-25 00:00:00w2015-11-25yCRzProgr. Ins: 27980 / Copia rara: NO / date import: 25.11.2015 / By Epidotti, Trombetti, Vaglietti